American constitutional law : Introductory essays and selected cases /
Kaydedildi:
| Yazar: | |
|---|---|
| Diğer Yazarlar: | |
| Materyal Türü: | Sách giấy |
| Dil: | English |
| Baskı/Yayın Bilgisi: |
New Jersey :
Prentice-Hall,
1968.
|
| Etiketler: |
Etiketle
Etiket eklenmemiş, İlk siz ekleyin!
|
| Thư viện lưu trữ: | Thư viện Trường Đại học Đà Lạt |
|---|
| LEADER | 00715nam a2200277 4500 | ||
|---|---|---|---|
| 001 | DLU100105703 | ||
| 005 | ##20100406 | ||
| 040 | # | # | |a DLU |b vie |
| 041 | # | # | |a eng |
| 044 | # | # | |a US |
| 082 | # | # | |a 342.73 |b MA-A |
| 100 | # | # | |a Mason, Alpheus Thomas. |
| 245 | # | # | |a American constitutional law : |b Introductory essays and selected cases / |c Alpheus Thomas Mason, William M. Beaney. |
| 260 | # | # | |a New Jersey : |b Prentice-Hall, |c 1968. |
| 300 | # | # | |a x, 622 p. ; |c 25 cm. |
| 700 | # | # | |a Beaney, William M. |
| 923 | # | # | |a 100/2010 |
| 992 | # | # | |a 0 |
| 994 | # | # | |a DLU |
| 900 | # | # | |a True |
| 911 | # | # | |a Đào Thị Thu Huyền |
| 925 | # | # | |a G |
| 926 | # | # | |a A |
| 927 | # | # | |a SH |
| 980 | # | # | |a Thư viện Trường Đại học Đà Lạt |